| 000 | 00696nam a22002417a 4500 | ||
|---|---|---|---|
| 001 | 3640 | ||
| 003 | FISKH | ||
| 005 | 20240402093033.0 | ||
| 008 | 240402b cb ||||| |||| 00| 0 eng d | ||
| 040 |
_aFISK _beng _cFISK _dFISK |
||
| 050 | _aPS3562.E353 | ||
| 082 | _a813.54 | ||
| 100 | _aLee Harper | ||
| 245 |
_aTo kill a mockingbird / _cHarper Lee |
||
| 260 |
_aNew York : _bHarper Lee _c2006 |
||
| 300 |
_a323 pages : _c22 cm |
||
| 505 | _aM | ||
| 520 | _aThe explosion of racial hate in an Alabama town is viewed by a little girl whose father defends a black man accused of rape. | ||
| 521 | 8 |
_a790 _bLexile |
|
| 700 | _aHarper Lee | ||
| 942 |
_2ddc _cBK _n0 |
||
| 999 |
_c3640 _d3640 |
||